| 000 | 00606nam a2200217 a 4500 | ||
|---|---|---|---|
| 001 | 49237 | ||
| 003 | BD-RJUL | ||
| 005 | 20211209054644.0 | ||
| 008 | 160818s1938 enk 000 0 eng d | ||
| 035 | _aBD-RJUL 49356 | ||
| 040 |
_aEQO _beng _cBD-RjUL |
||
| 041 | _aeng | ||
| 082 |
_223 _a341.6 _bREP 1938 |
||
| 245 | 0 | 0 | _aReport on the work of the League, 1937-38 / |
| 260 |
_aGeneva : _bThe League of Nations, _c1938 |
||
| 300 |
_aPt. ; _c21 cm. |
||
| 505 | 0 | _aPt. 1 -- Pt. 2 -- | |
| 650 |
_aLeague of Nations _xPeriodicals. _9147965 |
||
| 700 |
_aLeague of Nations _9167050 |
||
| 942 |
_2ddc _cBK |
||
| 999 |
_c49237 _d49237 |
||